Để hàn gắn con tim trong 30 ngày

সংরক্ষণ করুন:
গ্রন্থ-পঞ্জীর বিবরন
প্রধান লেখক: Thái, Hùng Tâm
বিন্যাস: গ্রন্থ
প্রকাশিত: Tp. Hồ Chí Minh Văn Hóa Thông Tin 2012
বিষয়গুলি:
ট্যাগগুলো: ট্যাগ যুক্ত করুন
কোনো ট্যাগ নেই, প্রথমজন হিসাবে ট্যাগ করুন!
Thư viện lưu trữ: Trung tâm Học liệu Lê Vũ Hùng, Trường Đại học Đồng Tháp
LEADER 00820pam a22002898a 4500
001 00034515
005 20171026081025.0
008 161004s2012 ||||||Viesd
020 |c 79000 
041 0 # |a Vie 
082 1 4 |a 158.2  |b Đ250H 
100 1 # |a Thái, Hùng Tâm 
245 1 0 |a Để hàn gắn con tim trong 30 ngày  |c Thái Hùng Tâm 
260 # # |a Tp. Hồ Chí Minh  |b Văn Hóa Thông Tin  |c 2012 
300 # # |a 341 tr.  |c 20.5 cm. 
653 # # |a Con người 
653 # # |a Gia đình 
653 # # |a Tình yêu 
653 # # |a Quan hệ 
653 # # |a Kỹ năng sống 
852 # # |j KD.0017702 
852 # # |b Kho đọc  |j KD.0017702 
910 |d 04/10/2016 
980 # # |a Trung tâm Học liệu Lê Vũ Hùng, Trường Đại học Đồng Tháp